Central Library OPAC University of Rajshahi
Normal view MARC view

Entry Personal Name

Number of records used in: 2

001 - CONTROL NUMBER

  • control field: 4563

003 - CONTROL NUMBER IDENTIFIER

  • control field: BD-RjUL

005 - DATE AND TIME OF LATEST TRANSACTION

  • control field: 20220831103617.0

008 - FIXED-LENGTH DATA ELEMENTS

  • fixed length control field: 220831|| aca||aabn | a|a d

040 ## - CATALOGING SOURCE

  • Original cataloging agency: BD-RjUL
  • Transcribing agency: BD-RjUL

100 ## - HEADING--PERSONAL NAME

  • Personal name: Ashfāq, Ḥumerā

670 ## - SOURCE DATA FOUND

  • Source citation: Work cat.: (BD-RjUL)80266: Haque, Abdul 4559, سر سيد احمد خان : حالات وافكار # siru sayid aihmad khan :